00229nam a22000857a 4500008004100000082001800041245003800059260003500097300001100132230620b xxu||||| |||| 00| 0 eng d a323bDES 1993 aHuman Rights and dIsabled Persons aNew YorkbUnited Nationsc1993 aIV,43p